000 00915nam a22002657a 4500
005 20120328151525.0
008 120328t xxu||||| |||| 00| 0 eng d
010 _aENG-104905
020 _a9788120345249
_c350.00
035 _aEN-88438
037 _bDBAD/PUB
040 _aDPL
_bEng
082 _a531.32
100 _944300
_aDukkipati, Rao V.
245 _aTextbook of mechanical vibrations /
_cby Rao V. Dukkipati [and] J. Srinivas
250 _a2nd ed
260 _aNew Delhi
_bPHI Learning
_c2012
270 _aM-97, Connaught Circus
_bNew Delhi
_e110001
300 _axvi,463p. :
_c24cm(pbk)
_bill.
500 _aIncludes index
650 _aVibration
_944483
700 _aSrinivas, J.
_944484
942 _2ddc
_cEN
_mDUK
_h531.32
999 _c64479
_d64479